| 000 | 00715cam a22002292 4500 | ||
|---|---|---|---|
| 001 | 0000021551 | ||
| 005 | 20151217154502.0 | ||
| 008 | 120719s xx 000 0 eng d | ||
| 020 | _a0875522475 : | ||
| 040 |
_aKABU _cKABU |
||
| 100 | 1 |
_aGruss, Edmond C. _@0000182478 |
|
| 245 | 1 | 4 |
_aThe Ouija board : _ba doorway to the occult / _cEdmond C. Gruss. |
| 250 | _a1st ed. | ||
| 260 |
_aNew Jersey : _bP&R, _c1994. |
||
| 300 | _axiii,210 p. | ||
| 650 | 0 |
_aOccultism _xControversial literature. _@0000160610 |
|
| 650 | 0 |
_aOccultism _vChristianity _xReligious. _@0000182479 |
|
| 650 | 0 |
_aOuija board. _@0000182509 |
|
| 852 | 1 | _9p300 KES | |
| 908 | _a120719 | ||
| 950 | _@1 | ||
| 999 |
_c11443 _d11443 |
||